| 000 | 00730pam a2200241 a 4500 | ||
|---|---|---|---|
| 001 | 4906138 | ||
| 005 | 20180224033924.0 | ||
| 008 | 940531s1995 nyu b 000 0 eng | ||
| 010 | _a 94019532 | ||
| 020 | _a0895031663 | ||
| 040 |
_aDLC _cDLC _dDLC |
||
| 041 | _aeng | ||
| 043 | _an-us--- | ||
| 080 | _a306.874 | ||
| 082 | 0 | 0 |
_a306.874 HEN _220 |
| 100 | _a50 | ||
| 101 | _aSOC | ||
| 245 | 0 | 4 |
_aThe ties of later life / _cedited by Jon Hendricks. |
| 504 | _aIncludes bibliographical references. | ||
| 906 |
_a7 _bcbc _corignew _d1 _eocip _f19 _gy-gencatlg |
||
| 942 |
_2ddc _cBK |
||
| 999 |
_c43358 _d43358 |
||